000 00245pab a2200109 454500
008 180718b xxu||||| |||| 00| 0 eng d
100 _aNarayanan, M.K.
245 _aNew challenges to policing
650 _aPolice
773 _aHindu
909 _a23490
999 _c23490
_d23490